000 00728nam a2200253Ia 4500
003 OSt
005 20221006142703.0
006 a|||||r|||| 00| 0
007 ta
008 221006b |||||||| |||| 00| 0 eng d
020 _c65.34
024 _a6,945
037 _cTextual
040 _aEASL
_cEASL
_beng
041 _2eng
_aeng
082 _aP420j(Y:1), M4
100 _aSUZUKI Takao
_9643156
245 0 _aWords in context
_b A Japanese perspective on language and culture
260 _aJapan
_bKodansha International Japan
_c1987
300 _a177p.
_ccm.
700 _a MIURA Akira Tr.
_9648182
942 _hP420j(Y:1), M4
_cTEXL
_2CC
999 _c1075031
_d1075031